[Event "DRUZYNOWE MISTRZOSTWA POLSKI - II LIGA 2018"]
[Site "Jastrzebia Gora"]
[Date "1899-12-30"]
[Round "8.41"]
[White "Rak, Tomasz"]
[Black "Krasiewicz, Robert"]
[Result "1-0"]
[WhiteTitle "k"]
[BlackTitle "k+"]
[WhiteElo "2018"]
[BlackElo "1965"]

1. Nf3 d6 2. d4 f5 3. Bf4 Nf6 4. h3 g6 5. Nbd2 Bg7 6. e3 O-O 7. Bc4+ e6 8. g4 d5
9. Bd3 Ne4 10. gxf5 exf5 11. Ne5 Nxd2 12. Qxd2 Nd7 13. Nxd7 Bxd7 14. O-O-O Rc8
15. Kb1 c5 16. c3 c4 17. Bc2 b5 18. Bd6 Rf7 19. h4 Rc6 20. Bc5 a5 21. h5 g5 22.
f3 Re6 23. e4 fxe4 24. fxe4 dxe4 25. d5 Re8 26. h6 Be5 27. Rdg1 Bf4 28. Be3 Kh8
29. Bd4+ Kg8 30. Be3 Kh8 31. Rh5 Qf6 32. Rhxg5 Bxg5 33. Bxg5 Qg6 34. Be3 Qxg1+
35. Bxg1 Rf1+ 36. Bd1 Re5 37. Qd4 Kg8 38. Be3 Re7 39. Bg4 Bxg4+ 1-0

[Event "DRUZYNOWE MISTRZOSTWA POLSKI - II LIGA 2018"]
[Site "Jastrzebia Gora"]
[Date "1899-12-30"]
[Round "8.42"]
[White "Andrzejewska, Anna"]
[Black "Dabrowska, Krystyna"]
[Result "0-1"]
[WhiteTitle "k"]
[BlackTitle "WGM"]
[WhiteElo "2004"]
[BlackElo "2201"]

1. e4 e5 2. Nf3 Nc6 3. d4 exd4 4. Bc4 Be7 5. O-O d6 6. Nxd4 Nf6 7. Nc3 O-O 8. h3
Ne5 9. Be2 c6 10. f4 Ng6 11. Kh1 Qc7 12. a4 b6 13. Bd3 Bb7 14. Nf5 Rfe8 15. Nxe7+
Rxe7 16. f5 Nf8 17. Bg5 N8d7 18. Qf3 a6 19. Qg3 Kh8 20. Bf4 Ne8 21. Qh4 f6 22.
g4 b5 23. g5 fxg5 24. Bxg5 Ndf6 25. Ne2 c5 26. Nf4 Kg8 27. Ne6 Qd7 28. Rg1 Rxe6
29. fxe6 Qxe6 30. axb5 axb5 31. Rxa8 Bxa8 32. Bxb5 Qxe4+ 33. Qxe4 Bxe4+ 34. Kh2
Bxc2 35. Bxe8 Nxe8 36. Re1 Bg6 37. Re7 Bf7 38. Rxe8+ Bxe8 39. Be7 d5 40. Bxc5
Kf7 41. Kg3 g5 42. h4 gxh4+ 43. Kxh4 Kf6 44. Bd4+ Kf5 45. Bg7 Ke4 46. Kg5 d4 47.
Kh6 Bg6 48. b4 Kd5 49. b5 d3 50. Bc3 Kc5 51. Bd2 Kxb5 52. Kg5 Kc4 53. Kh4 Kb3
54. Kg3 Kc2 55. Be3 d2 56. Bxd2 Kxd2 57. Kf2 Kd3 58. Kg3 Ke4 59. Kh2 Kf5 60. Kg3
Kg5 61. Kh3 Bf5+ 62. Kg3 h5 63. Kh2 Kg4 64. Kg2 h4 65. Kh2 h3 66. Kg1 Kg3 67.
Kh1 Be4+ 0-1

[Event "DRUZYNOWE MISTRZOSTWA POLSKI - II LIGA 2018"]
[Site "Jastrzebia Gora"]
[Date "1899-12-30"]
[Round "8.43"]
[White "Czerw, Dawid"]
[Black "Parol, Pawel"]
[Result "1-0"]
[WhiteTitle "k"]
[BlackTitle "k"]
[WhiteElo "2263"]
[BlackElo "2157"]

1. d4 d5 2. c4 c6 3. Nf3 Nf6 4. Nc3 dxc4 5. a4 Bf5 6. e3 e6 7. Bxc4 Bb4 8. O-O
Nbd7 9. Nh4 Bg4 10. f3 Bh5 11. e4 Qa5 12. Qb3 O-O-O 13. g4 Bg6 14. Be3 Nb6 15.
Be2 Nfd7 16. Rfd1 e5 17. Nxg6 hxg6 18. Nb5 f6 19. Nd6+ Kb8 20. Nf7 exd4 21. Bf4+
Ne5 22. Nxh8 Rxh8 23. Kg2 g5 24. Rxd4 gxf4 25. Qxb4 Qxb4 26. Rxb4 Rd8 27. a5 Nc8
28. Rd1 Rxd1 29. Bxd1 c5 30. Rb5 b6 31. axb6 axb6 32. b4 c4 33. g5 Kc7 34. gxf6
gxf6 35. Kf1 Nd6 36. Rd5 c3 37. Ke2 Ndc4 38. h4 Ne3 39. Rxe5 fxe5 40. h5 Ng2 41.
h6 Nh4 42. h7 Ng6 43. Ba4 Kd8 44. Kd3 Ke7 45. Kxc3 Kf8 46. Kc4 Kg7 47. Kb5 Nh4
48. Bd1 Ng2 49. Kxb6 Ne3 50. Bb3 Kxh7 51. Kc5 1-0

[Event "DRUZYNOWE MISTRZOSTWA POLSKI - II LIGA 2018"]
[Site "Jastrzebia Gora"]
[Date "1899-12-30"]
[Round "8.44"]
[White "Graczyk, Damian"]
[Black "Pazdziora, Michal"]
[Result "1-0"]
[WhiteTitle "k"]
[BlackTitle "k"]
[WhiteElo "2122"]
[BlackElo "2211"]

1. d4 d5 2. c4 c6 3. Nf3 Nf6 4. e3 Bf5 5. Nc3 e6 6. Nh4 Bg4 7. Qb3 Qb6 8. c5 Qc7
9. h3 Bh5 10. g4 Bg6 11. Nxg6 hxg6 12. Bg2 Nbd7 13. Bd2 Be7 14. Qc2 b6 15. cxb6
Nxb6 16. Na4 O-O 17. O-O Nxa4 18. Qxa4 c5 19. Rfc1 Qd7 20. Qxd7 Nxd7 21. dxc5
Bxc5 22. b4 Bb6 23. a4 Rfc8 24. a5 Bd8 25. f4 Rab8 26. Bf1 Be7 27. Rcb1 Bf6 28.
Ra3 g5 29. b5 gxf4 30. exf4 Bd4+ 31. Be3 Bxe3+ 32. Rxe3 Rc2 33. Ra3 f6 34. Rd1
Nc5 35. f5 exf5 36. Rxd5 fxg4 37. hxg4 Rc1 38. b6 axb6 39. a6 b5 40. a7 Ra8 41.
Ra5 Nb7 42. Ra6 Nc5 43. Rc6 Rxa7 44. Rcxc5 Re1 45. Rxb5 Raa1 46. Rf5 Re4 47. g5
fxg5 48. Rf2 Rg4+ 49. Kh2 Rh4+ 50. Kg3 Ra3+ 51. Rf3 Rxf3+ 52. Kxf3 Rf4+ 53. Kg2
Kf7 54. Rxg5 Kf6 55. Ra5 Rb4 56. Be2 Rb2 57. Kf3 Rb3+ 58. Kf2 Rc3 59. Bf3 Rc2+
60. Kg3 Rc3 61. Kf4 Rc4+ 62. Be4 Rb4 63. Ra6+ Ke7 64. Ke5 Rb2 65. Ra7+ Kd8 66.
Kd6 Kc8 67. Rxg7 Rd2+ 68. Bd5 Kb8 69. Rg8+ Ka7 70. Ra8+ Kb6 71. Rb8+ Ka7 72. Rb3
Rh2 1-0

[Event "DRUZYNOWE MISTRZOSTWA POLSKI - II LIGA 2018"]
[Site "Jastrzebia Gora"]
[Date "1899-12-30"]
[Round "8.45"]
[White "Drozniak, Stanislaw"]
[Black "Smolka, Marcin"]
[Result "1/2-1/2"]
[WhiteTitle "I++"]
[BlackTitle "k"]
[WhiteElo "2043"]
[BlackElo "2194"]

1. e4 e5 2. Nf3 Nc6 3. d4 exd4 4. Nxd4 Nf6 5. Nxc6 bxc6 6. e5 Qe7 7. Qe2 Nd5 8.
c4 Ba6 9. Qe4 Nb4 10. Nc3 Rd8 11. Kd1 d5 12. exd6 Qxe4 13. Nxe4 Bxd6 14. a3 Be7+
15. Nd2 Nd3 16. Bxd3 Rxd3 17. Kc2 Rd7 18. b3 O-O 19. Bb2 c5 20. Rad1 Bb7 21. f3
Bd6 22. h3 Re8 23. Rhe1 Rde7 24. Rxe7 Rxe7 25. Kd3 f5 26. Bc3 g5 27. Nf1 g4 28.
hxg4 fxg4 29. Nd2 Bf4 30. Ne4 Rd7+ 31. Ke2 gxf3+ 32. gxf3 Rxd1 33. Kxd1 h5 34.
Be1 Kf7 35. Ke2 Bxe4 36. fxe4 Ke6 37. Bf2 Bd6 38. Kf3 a6 39. a4 Be7 40. Bg3 Bd6
41. Bf2 Be7 42. Bg3 c6 43. Bh2 Bd6 44. Bg1 Kf6 45. Bf2 Ke6 46. Bg1 Be7 47. Bh2
Bf8 48. Bg3 Bd6 49. Bf2 Be7 50. Kf4 h4 51. e5 h3 52. Bg3 Bh4 53. Bh2 Bf2 54. Kf3
Bd4 55. Ke4 Bb2 56. Bg3 Bc3 57. Bf4 Bd4 58. Bh2 Bc3 59. Bf4 Be1 60. Bh2 Bf2 61.
Kf3 Bd4 62. Ke4 Kxe5+ 1/2-1/2

[Event "DRUZYNOWE MISTRZOSTWA POLSKI - II LIGA 2018"]
[Site "Jastrzebia Gora"]
[Date "1899-12-30"]
[Round "8.46"]
[White "Suliborski, Jakub"]
[Black "Galuszka, Tomasz"]
[Result "1/2-1/2"]
[WhiteTitle "k"]
[BlackTitle "I++"]
[WhiteElo "2117"]
[BlackElo "2090"]

1. d4 d5 2. c4 c6 3. Nc3 Nf6 4. Nf3 e6 5. Bg5 h6 6. Bh4 dxc4 7. e4 g5 8. Bg3 b5
9. Qc2 Bb7 10. Be2 Nbd7 11. h4 g4 12. Ne5 h5 13. O-O Nxe5 14. Bxe5 Rg8 15. d5
Bd6 16. dxc6 Bxe5 17. cxb7 Rb8 18. Nxb5 Nd7 19. g3 Bxg3 20. Kg2 Qxh4 21. fxg3
Qh3+ 22. Kf2 Qh2+ 23. Ke1 Qxg3+ 24. Kd1 Qe5 25. a4 a6 26. Qc3 Qxc3 27. Nxc3 Ne5
28. Kc2 h4 29. Rh1 h3 30. Rag1 Ke7 31. Nd1 f5 32. Ne3 Rgf8 33. Rf1 g3 34. Rxh3
f4 35. Rh7+ Kd6 36. Nxc4+ Nxc4 37. Bxc4 f3 38. Rg7 g2 39. Rd1+ Ke5 40. Bxa6 Rg8
41. Rf7 Rbf8 42. Rxf8 Rxf8 43. Rg1 Kf4 44. Bf1 gxf1=Q 45. Rxf1 Rb8 46. b4 Rxb7
47. b5 Kxe4 48. Kc3 e5 49. Kb4 Kf4 50. a5 e4 51. a6 Ra7 52. Ka5 e3 53. b6 e2 54.
bxa7 Ke5 1/2-1/2

[Event "DRUZYNOWE MISTRZOSTWA POLSKI - II LIGA 2018"]
[Site "Jastrzebia Gora"]
[Date "1899-12-30"]
[Round "8.47"]
[White "Koloczek, Maciej"]
[Black "Zychowicz, Marcin"]
[Result "0-1"]
[WhiteTitle "I"]
[BlackTitle "II+"]
[WhiteElo "1677"]
[BlackElo "1863"]

1. e4 c5 2. Nf3 d6 3. d4 cxd4 4. Nxd4 Nf6 5. Nc3 e5 6. Nb3 Be6 7. Be2 Be7 8. O-O
O-O 9. Be3 a5 10. Nd2 Nbd7 11. f3 Nb6 12. Bf2 Rc8 13. Bd3 d5 14. exd5 Nfxd5 15.
Nxd5 Nxd5 16. Be4 f5 17. Bxd5 Qxd5 18. c3 Rfd8 19. Nb3 Qb5 20. Qc2 Bc4 21. Rfd1
Bd3 22. Qc1 a4 23. Nd2 Be2 24. Re1 Bg5 25. c4 Rxc4 0-1

[Event "DRUZYNOWE MISTRZOSTWA POLSKI - II LIGA 2018"]
[Site "Jastrzebia Gora"]
[Date "1899-12-30"]
[Round "8.48"]
[White "Parol, Pola"]
[Black "Buchta, Agnieszka"]
[Result "1-0"]
[WhiteTitle "WFM"]
[BlackTitle "I++"]
[WhiteElo "2108"]
[BlackElo "1852"]

1. e4 e5 2. Nf3 Nc6 3. Bb5 a6 4. Ba4 Nf6 5. O-O b5 6. Bb3 Be7 7. Re1 d6 8. c3 O-O
9. h3 Na5 10. Bc2 c5 11. d4 Nd7 12. a4 exd4 13. cxd4 Bb7 14. Nc3 b4 15. Nd5 Nf6
16. Nxe7+ Qxe7 17. Bg5 h6 18. Bh4 Qe6 19. d5 Qe7 20. e5 dxe5 21. Nxe5 Rfe8 22.
d6 Qe6 23. d7 Red8 24. Ng4 Qxd7 25. Nxf6+ gxf6 26. Qh5 b3 27. Bf5 Qd2 28. Qg4+
Kf8 29. Bxf6 1-0

[Event "DRUZYNOWE MISTRZOSTWA POLSKI - II LIGA 2018"]
[Site "Jastrzebia Gora"]
[Date "1899-12-30"]
[Round "8.49"]
[White "Sieciechowicz, Marcin"]
[Black "Brzezinski, Mateusz"]
[Result "1-0"]
[WhiteTitle "IM"]
[BlackTitle "k"]
[WhiteElo "2425"]
[BlackElo "2164"]

1. d4 g6 2. c4 Bg7 3. e4 d6 4. Nc3 Nc6 5. Be3 e5 6. d5 Nce7 7. c5 f5 8. cxd6 cxd6
9. Qa4+ Kf7 10. Nf3 h6 11. Bc4 fxe4 12. Nxe4 Bf5 13. Bb3 Nf6 14. Nxe5+ Kg8 15.
Nxf6+ Bxf6 16. Nc4 Kh7 17. Rd1 Be4 18. O-O Bxd5 19. Qb4 a5 20. Qxd6 Qxd6 21. Nxd6
Bxb3 22. axb3 Bxb2 23. Nxb7 Rhg8 24. Nc5 Nf5 25. Na4 Bf6 26. Bb6 Rg7 27. Rd5 Rb7
28. Rfd1 Rab8 29. Rd7+ Rxd7 30. Rxd7+ Kg8 31. Rd5 Rc8 32. g3 Rc1+ 33. Kg2 Rb1
34. Rd3 h5 35. h3 Kf7 36. Bxa5 g5 37. Bb6 g4 38. hxg4 hxg4 39. Bc5 Ng7 40. Nb6
Ne6 41. Be3 Bg5 42. Nc4 Bf6 43. Nd6+ Kg6 44. Ne4 Be7 45. Rd7 Bf8 46. Rb7 Kf5 47.
Ng5 Nd8 48. Rd7 Ne6 49. Rd5+ Kf6 50. Nh7+ Ke7 51. Nxf8 Kxf8 52. Re5 Kf7 53. Re4
Rxb3 54. Rxg4 1-0

[Event "DRUZYNOWE MISTRZOSTWA POLSKI - II LIGA 2018"]
[Site "Jastrzebia Gora"]
[Date "1899-12-30"]
[Round "8.50"]
[White "Kujawski, Adam"]
[Black "Grela, Kacper"]
[Result "0-1"]
[WhiteTitle "k"]
[BlackTitle "FM"]
[WhiteElo "2209"]
[BlackElo "2284"]

1. e4 c5 2. Nf3 Nc6 3. d4 cxd4 4. Nxd4 Nf6 5. Nc3 d6 6. Bg5 e6 7. Qd2 a6 8. O-O-O
Bd7 9. f4 Be7 10. Nf3 b5 11. Bxf6 gxf6 12. f5 Qb6 13. g3 O-O-O 14. Bh3 Kb8 15.
Ne2 Ne5 16. Nfd4 Nc4 17. Qd3 e5 18. Nb3 d5 19. exd5 Ne3 20. Qe4 Nxd1 21. Rxd1
Bc8 22. Bg2 Bb7 23. Qd3 Rd7 24. Be4 Rhd8 25. Qf3 a5 26. Kb1 b4 27. c4 bxc3 28.
Nxc3 Bb4 29. Ne2 Qb5 30. Nbc1 Bxd5 31. Bxd5 Rxd5 32. a4 Qb7 33. Rxd5 Qxd5 34.
Qe3 Qc5 35. Qb3 Rc8 36. Qxf7 Qc2+ 37. Ka1 Qxa4+ 38. Qa2 Qxa2+ 39. Kxa2 e4 40.
Nb3 Rc2 41. Nbd4 Rd2 42. Kb3 Bc5 43. Ne6 Rxe2 44. Nxc5 e3 45. Kc3 Rxh2 46. Nd7+
Kc8 47. Nb6+ Kb7 48. Nc4 Ka6 49. g4 e2 50. Kd2 Rg2 51. Ne3 e1=Q+ 52. Kxe1 Rxb2
53. Kd1 a4 54. Nc2 Rb3 55. Kc1 0-1

[Event "DRUZYNOWE MISTRZOSTWA POLSKI - II LIGA 2018"]
[Site "Jastrzebia Gora"]
[Date "1899-12-30"]
[Round "8.51"]
[White "Komendecki, Jacek"]
[Black "Mazalon, Mariusz"]
[Result "1-0"]
[WhiteTitle "k"]
[BlackTitle "k"]
[WhiteElo "2116"]
[BlackElo "2012"]

1. e4 c5 2. Nf3 d6 3. d4 cxd4 4. Nxd4 Nf6 5. Nc3 a6 6. g3 g6 7. Bg2 Bg7 8. O-O
O-O 9. h3 Nc6 10. Nde2 Bd7 11. a4 Rc8 12. Kh2 Na5 13. Qd3 Qc7 14. f4 Rfd8 15.
Rb1 b5 16. axb5 axb5 17. b4 Nc4 18. Rb3 Qb6 19. g4 Bc6 20. g5 Nd7 21. h4 Ra8 22.
h5 Qb7 23. Bh3 e6 24. hxg6 hxg6 25. Bg4 Nf8 26. Kg3 d5 27. exd5 Bxd5 28. Nxd5
Rxd5 29. Qf3 Rad8 30. Nc3 Bxc3 31. Rxc3 Qe7 32. Rh1 Qxb4 33. Rb3 Qc5 34. Qe2 Nd7
35. Bxe6 fxe6 36. Qxe6+ Kg7 37. Rxb5 Rxg5+ 38. fxg5 Nf8 39. Rb3 1-0

[Event "DRUZYNOWE MISTRZOSTWA POLSKI - II LIGA 2018"]
[Site "Jastrzebia Gora"]
[Date "1899-12-30"]
[Round "8.52"]
[White "Gralka, Przemyslaw"]
[Black "Madera, Mateusz"]
[Result "1/2-1/2"]
[WhiteTitle "k"]
[BlackTitle "I+"]
[WhiteElo "2208"]
[BlackElo "1937"]

1. d4 Nf6 2. Nf3 d5 3. c3 Bf5 4. Qb3 Qc8 5. Bf4 e6 6. Nbd2 Nbd7 7. Nh4 Bg6 8. Nxg6
hxg6 9. h3 Be7 10. e3 c5 11. Be2 O-O 12. h4 cxd4 13. exd4 Nh5 14. Bh2 a6 15. g4
Nhf6 16. Bf4 Ne8 17. g5 Nd6 18. h5 gxh5 19. Rxh5 g6 20. Rh2 Kg7 21. O-O-O Qc6
22. Nf3 Nc4 23. Rdh1 Rh8 24. Nh4 Bd6 25. Bxd6 Nxd6 26. Bd3 e5 27. dxe5 Nxe5 28.
Qc2 d4 29. Kb1 dxc3 30. Rd1 Nxd3 31. Rxd3 Ne4 32. f3 Nxg5 33. Rxc3 Qe6 34. Qf2
Rac8 35. Rxc8 Rxc8 36. Rh1 Qc4 37. Qd2 Qc5 38. Re1 Nxf3 39. Nxf3 Qf5+ 40. Ka1
Qxf3 41. Qd4+ Qf6 42. Qd7 Qe5 43. Rf1 Qf4 44. Qd1 Qc4 45. a3 b5 46. Qf3 Qe6 47.
Qf2 Rc4 48. Qh2 Qe3 49. Ka2 b4 50. Rh1 b3+ 51. Kb1 Kf8 52. Qd6+ Kg7 53. Qh2 Kf8
54. Qh8+ Ke7 55. Rd1 Re4 56. Qd8+ Ke6 57. Qd6+ Kf5 58. Qxa6 Kg4 59. a4 Rd4 60.
Rxd4+ Qxd4 61. Qe2+ Kg3 62. Qe1+ Kg2 63. Qe2+ Kg3 64. Qe1+ Kf4 65. a5 Qa7 66.
Qb4+ Ke5 67. Qb5+ Kf4 68. Qf1+ Ke5 69. a6 1/2-1/2

[Event "DRUZYNOWE MISTRZOSTWA POLSKI - II LIGA 2018"]
[Site "Jastrzebia Gora"]
[Date "1899-12-30"]
[Round "8.53"]
[White "Krawiec, Grzegorz"]
[Black "Wisniewski, Adam"]
[Result "1/2-1/2"]
[WhiteTitle "I"]
[BlackTitle "I+"]
[WhiteElo "1779"]
[BlackElo "1918"]

1. e4 e6 2. d4 d5 3. Bd3 dxe4 4. Bxe4 Nf6 5. Bf3 c5 6. Ne2 Nc6 7. Be3 Qb6 8. Nbc3
Bd7 9. O-O Qa5 10. a3 c4 11. Ng3 Nd5 12. Nxd5 exd5 13. Qe1 Qxe1 14. Rfxe1 Be6
15. Nh5 O-O-O 16. c3 h6 17. Nf4 g5 18. Nxe6 fxe6 19. Bg4 Kd7 20. Bd2 Re8 21. Bh5
Re7 22. f4 Rg7 23. Bg4 Nd8 24. f5 exf5 25. Bxf5+ Kc7 26. Re8 Re7 27. Re1 Nc6 28.
g4 Rxe8 29. Rxe8 Bg7 30. Rxh8 Bxh8 31. h4 Bf6 32. Kg2 Kd6 33. h5 a5 34. a4 Na7
35. Be1 Nc6 36. Bg3+ Ke7 37. Bf2 Kd6 38. Bg3+ Ke7 39. Bf2 Kd6 40. Kf3 Ne7 41.
Bc2 Kc6 42. Ke4 1/2-1/2

[Event "DRUZYNOWE MISTRZOSTWA POLSKI - II LIGA 2018"]
[Site "Jastrzebia Gora"]
[Date "1899-12-30"]
[Round "8.54"]
[White "Mackiewicz, Anna"]
[Black "Karykowska, Anna"]
[Result "0-1"]
[WhiteTitle "k+"]
[BlackTitle "k"]
[WhiteElo "1850"]
[BlackElo "1836"]

1. b3 e5 2. Bb2 Nc6 3. e3 d5 4. Bb5 Bd6 5. f4 f6 6. Nh3 h5 7. Qf3 Bg4 8. Qxd5 Nge7
9. Qc4 Bxh3 10. gxh3 exf4 11. exf4 Qd7 12. Nc3 O-O-O 13. O-O-O Qxh3 14. Rdg1 Qf5
15. Ne2 Rhg8 16. Qa4 Bc5 17. Bxc6 Nxc6 18. Rg3 Rge8 19. Nc3 Nb4 20. d3 Qxf4+ 21.
Kb1 Qd2 22. Ne4 Rxe4 23. Rxg7 Qxc2+ 24. Ka1 Nxd3 25. Rxc7+ Kxc7 26. Qa5+ Bb6 27.
Qa3 Nxb2 0-1

[Event "DRUZYNOWE MISTRZOSTWA POLSKI - II LIGA 2018"]
[Site "Jastrzebia Gora"]
[Date "1899-12-30"]
[Round "8.55"]
[White "Zaskalski, Arkadiusz"]
[Black "Borgula, Rafal"]
[Result "1/2-1/2"]
[WhiteTitle "k"]
[BlackTitle "FM"]
[WhiteElo "2186"]
[BlackElo "2243"]

1. Nf3 Nf6 2. c4 c6 3. g3 d5 4. Bg2 Bf5 5. b3 e6 6. Bb2 h6 7. d3 Be7 8. Nbd2 O-O
9. O-O Nbd7 10. Rc1 Bh7 11. Rc2 a5 12. a3 Re8 13. Qa1 Bf8 14. Ne5 Nxe5 15. Bxe5
Nd7 16. Bc3 Nc5 17. Rcc1 Nd7 18. Qb2 Qe7 19. b4 axb4 20. axb4 Nb6 21. c5 Na4 22.
Qb3 Nxc3 23. Qxc3 Qc7 24. Ra1 Be7 25. Rxa8 Rxa8 26. Ra1 Rxa1+ 27. Qxa1 Qb8 28.
d4 Bf6 29. f4 b6 30. Qc3 bxc5 31. bxc5 Qb5 1/2-1/2

[Event "DRUZYNOWE MISTRZOSTWA POLSKI - II LIGA 2018"]
[Site "Jastrzebia Gora"]
[Date "1899-12-30"]
[Round "8.56"]
[White "Robak, Zbigniew"]
[Black "Jaskolka, Tomasz"]
[Result "0-1"]
[WhiteTitle "m"]
[BlackTitle "k+"]
[WhiteElo "2216"]
[BlackElo "2177"]

1. e4 e6 2. d4 d5 3. Nc3 Bb4 4. e5 Ne7 5. Bd2 Bxc3 6. Bxc3 b6 7. Qg4 O-O 8. Bd3
Ba6 9. O-O-O Bxd3 10. Rxd3 Nd7 11. Nh3 Nf5 12. Ng5 h6 13. h4 c5 14. Nf3 cxd4 15.
Bxd4 Nc5 16. Ra3 Qc7 17. Rc3 Qe7 18. Bxc5 bxc5 19. Qa4 Rab8 20. a3 Qb7 21. Rb3
Qc7 22. Re1 Rxb3 23. Qxb3 Rb8 24. Qc3 Qb6 25. g4 Nd4 26. Nd2 c4 27. Nb1 Nb5 28.
Qe3 d4 29. Qh3 d3 30. cxd3 Nd4 31. b4 cxb3 32. Kb2 Rc8 33. Nc3 Qc5 34. Rc1 Nc2
35. Nb1 Qd4+ 36. Kxb3 Na1+ 0-1

[Event "DRUZYNOWE MISTRZOSTWA POLSKI - II LIGA 2018"]
[Site "Jastrzebia Gora"]
[Date "1899-12-30"]
[Round "8.57"]
[White "Markiewicz, Jerzy"]
[Black "Konieczynski, Piotr"]
[Result "1/2-1/2"]
[WhiteTitle "FM"]
[BlackTitle "I++"]
[WhiteElo "2170"]
[BlackElo "1884"]

1. e4 c6 2. d4 d5 3. Nc3 dxe4 4. Nxe4 Bf5 5. Ng3 Bg6 6. h4 h6 7. Nf3 Nd7 8. h5
Bh7 9. Bd3 Bxd3 10. Qxd3 e6 11. Bf4 Qa5+ 12. Bd2 Qc7 13. Qe2 Ngf6 14. c4 Be7 15.
Ne4 Nxe4 16. Qxe4 Nf6 17. Qe2 c5 18. Bc3 Qf4 19. Qe5 Qe4+ 20. Kf1 Qd3+ 21. Qe2
Qxe2+ 22. Kxe2 Ne4 23. Rac1 Bf6 24. Ke3 Nxc3 25. Rxc3 Ke7 26. Rd3 Rhd8 27. dxc5
Rxd3+ 28. Kxd3 a5 29. b3 Rc8 30. Nd2 Rxc5 31. Ne4 Rc6 32. f4 Ke8 33. Nxf6+ gxf6
34. g4 Rd6+ 35. Ke3 e5 36. fxe5 fxe5 37. Ke4 f6 38. g5 fxg5 39. Kxe5 Ke7 40. Rh2
b6 41. Rh3 1/2-1/2

[Event "DRUZYNOWE MISTRZOSTWA POLSKI - II LIGA 2018"]
[Site "Jastrzebia Gora"]
[Date "1899-12-30"]
[Round "8.58"]
[White "Paliwoda, Borys"]
[Black "Augustyn, Sebastian"]
[Result "1/2-1/2"]
[WhiteTitle "I"]
[BlackTitle "k"]
[WhiteElo "1883"]
[BlackElo "2173"]

1. e4 c5 2. Nf3 Nc6 3. d4 cxd4 4. Nxd4 g6 5. Nc3 Bg7 6. Nde2 Nf6 7. g3 O-O 8. Bg2
d6 9. O-O Rb8 10. a4 a6 11. Bf4 b5 12. axb5 axb5 13. Nd5 Bg4 14. c3 Nxd5 15. exd5
Na5 16. h3 Bxe2 17. Qxe2 Bf6 18. Be4 Nb3 19. Ra3 Nc5 20. Bd2 Qd7 21. Kg2 Qb7 22.
Bf3 Na4 23. Ra2 Rfc8 24. Rfa1 Ra8 25. Be1 Rab8 26. Bd2 Ra8 27. Be1 Rab8 28. Qd1
Ra8 29. Qe2 Rab8 30. Qd1 Ra8 31. Qe2 Ra6 1/2-1/2

[Event "DRUZYNOWE MISTRZOSTWA POLSKI - II LIGA 2018"]
[Site "Jastrzebia Gora"]
[Date "1899-12-30"]
[Round "8.59"]
[White "Czarnecki, Wojciech"]
[Black "Katafiasz, Tomasz"]
[Result "1/2-1/2"]
[WhiteTitle "k"]
[BlackTitle "I+"]
[WhiteElo "1971"]
[BlackElo "1919"]

1. d4 Nf6 2. Nf3 g6 3. c4 Bg7 4. Nc3 d5 5. Bg5 Ne4 6. Bh4 Nxc3 7. bxc3 c5 8. e3
cxd4 9. cxd4 Nc6 10. Be2 O-O 11. O-O Be6 12. Rb1 Qd7 13. Ng5 Bf5 14. Rb5 dxc4
15. Bxc4 h6 16. Nxf7 Rxf7 17. Bxf7+ Kxf7 18. Qb3+ Ke8 19. Rxb7 Be6 20. Qb1 Bf5
21. Rxd7 Bxb1 22. Rc7 Be4 23. f3 Kd8 24. Bg3 Bd5 25. Rc1 Nb4 26. Bd6 Nc6 27. Bg3
Nb4 28. Bd6 Nc6 29. Bg3 Nb4 30. Rb1 Na6 31. Rbc1 Nb4 32. a3 Nd3 33. R1c3 Nb2 34.
Bd6 Nd1 35. Bxe7+ Ke8 36. Rd3 Nxe3 37. Rxe3 Bxd4 38. Bc5+ Bxe3+ 39. Bxe3 1/2-1/2

[Event "DRUZYNOWE MISTRZOSTWA POLSKI - II LIGA 2018"]
[Site "Jastrzebia Gora"]
[Date "1899-12-30"]
[Round "8.60"]
[White "Weglarz, Joanna"]
[Black "Mirowska, Oliwia"]
[Result "1/2-1/2"]
[WhiteTitle "k"]
[BlackTitle "I++"]
[WhiteElo "1942"]
[BlackElo "1503"]

1. e4 d6 2. d4 Nf6 3. Nc3 e5 4. Nf3 Nbd7 5. Bc4 Be7 6. O-O O-O 7. h3 c6 8. a4 b6
9. Qe2 a6 10. dxe5 dxe5 11. Rd1 Qc7 12. Nh4 Nc5 13. Nf5 Bxf5 14. exf5 b5 15. axb5
axb5 16. Rxa8 Rxa8 17. Bd3 b4 18. Ne4 Nxd3 19. Nxf6+ Bxf6 20. Qxd3 Rd8 21. Qe2
h6 22. Be3 Rd5 23. Rc1 Qd6 24. Qc4 Be7 25. c3 c5 26. cxb4 cxb4 27. Qc8+ Kh7 28.
Qe8 f6 29. Rc8 Bd8 30. Qg6+ Kh8 31. Qe8+ Kh7 32. Qg6+ Kh8 33. Qe8+ 1/2-1/2

[Event "DRUZYNOWE MISTRZOSTWA POLSKI - II LIGA 2018"]
[Site "Jastrzebia Gora"]
[Date "1899-12-30"]
[Round "8.61"]
[White "Zakrzewski, Marek"]
[Black "Gierulski, Kamil"]
[Result "0-1"]
[WhiteTitle "FM"]
[BlackTitle "k++"]
[WhiteElo "2352"]
[BlackElo "2219"]

1. e4 e5 2. Nf3 Nf6 3. Nxe5 d6 4. Nf3 Nxe4 5. d4 d5 6. Bd3 Bf5 7. O-O Be7 8. Re1
O-O 9. c4 c6 10. Qc2 Bg6 11. Ne5 Nf6 12. Nxg6 hxg6 13. Bg5 dxc4 14. Bxc4 Nd5 15.
Bxe7 Nxe7 16. Nc3 Nd7 17. d5 Nb6 18. dxc6 Nxc6 19. Rad1 Qg5 20. Bb3 Rad8 21. Ne4
Qf4 22. g3 Qg4 23. Qc5 Rxd1 24. Bxd1 Qd7 25. Ng5 Qd2 26. Qe3 Qxe3 27. Rxe3 Nc4
28. Re4 Nd6 29. Rf4 Ne5 30. Rd4 Nf5 31. Rd5 f6 32. Nf3 Ne7 33. Rd2 N7c6 34. Nxe5
Nxe5 35. f4 Nc6 36. Bb3+ Kh7 37. Rd7 b6 38. Kf2 Rc8 39. Be6 Nb4 40. Rxg7+ Kxg7
41. Bxc8 Nxa2 42. Ke3 Nb4 43. Bb7 g5 44. f5 a5 45. Be4 Na6 46. Kd4 Nc7 47. Bd3
Kh7 48. Bc4 Kg7 49. h3 Kh7 50. Ke4 Kg7 51. Kf3 Kh7 52. Kg4 Kh6 53. h4 gxh4 54.
Kxh4 b5 55. Bd3 a4 56. Bc2 Nd5 57. g4 Ne3 58. Bb1 b4 59. Kg3 a3 60. bxa3 bxa3
61. Kh4 Nd5 62. Ba2 Nc3 63. Bb3 a2 64. Bxa2 Nxa2 65. g5+ fxg5+ 66. Kg4 Nc3 67.
f6 Nd5 68. f7 Nf6+ 69. Kf5 Nh7 70. Kg4 Kg6 0-1

[Event "DRUZYNOWE MISTRZOSTWA POLSKI - II LIGA 2018"]
[Site "Jastrzebia Gora"]
[Date "1899-12-30"]
[Round "8.62"]
[White "Miasik, Adrian"]
[Black "Hemmerling, Jaroslaw"]
[Result "0-1"]
[WhiteTitle "I++"]
[BlackTitle "I++"]
[WhiteElo "1830"]
[BlackElo "1910"]

1. d4 d5 2. Nf3 Nf6 3. e3 e6 4. c4 c6 5. Nc3 Nbd7 6. Bd3 dxc4 7. Bxc4 Bd6 8. O-O
O-O 9. Qc2 Qe7 10. h3 h6 11. Bd3 e5 12. Nh4 Nb6 13. dxe5 Bxe5 14. Nf3 Bc7 15.
b3 Nbd7 16. Nb1 Ne5 17. Nbd2 Nxd3 18. Qxd3 Rd8 19. Qc2 c5 20. Bb2 b6 21. Nc4 Bb7
22. Nce5 Be4 23. Qe2 Rd5 24. Rfd1 Rxe5 25. Nxe5 Bxe5 26. Bxe5 Qxe5 27. Rac1 Bb7
28. f3 Re8 29. Re1 Nd5 30. Kf2 Nb4 31. Qd2 Ba6 32. Rc3 Re6 33. Rd1 Nxa2 34. Rc2
Nb4 35. Rc3 Nd5 36. Rcc1 Nxe3 37. Re1 Qd4 38. Qxd4 cxd4 39. Ra1 Nc2 40. Rxe6 Nxa1
41. Re8+ Kh7 42. Re7 Nxb3 43. Rxa7 Bc4 44. Rd7 d3 45. Ke1 b5 46. Rb7 Nd4 47. Rd7
Nf5 48. g4 Ne3 49. Kd2 Ng2 50. Rd4 g5 51. Re4 Kg6 52. Rd4 Kf6 53. Rd6+ Kg7 54.
Rd4 Nf4 55. Rd8 Nxh3 56. Rd6 Nf4 57. Rd7 Kf6 58. Rd6+ Ne6 59. Rd7 Nf4 60. Rd6+
Kg7 61. Rd4 h5 0-1

[Event "DRUZYNOWE MISTRZOSTWA POLSKI - II LIGA 2018"]
[Site "Jastrzebia Gora"]
[Date "1899-12-30"]
[Round "8.63"]
[White "Bajerlein, Dawid"]
[Black "Ciasnocha, Michal"]
[Result "1-0"]
[WhiteTitle "k"]
[BlackTitle "I"]
[WhiteElo "2026"]
[BlackElo "1741"]

1. d4 d5 2. c4 c6 3. Nf3 Nf6 4. Nc3 e6 5. Bg5 Nbd7 6. e3 Be7 7. Qc2 O-O 8. Rd1
b6 9. cxd5 exd5 10. Bd3 Bb7 11. O-O Re8 12. Bf5 Nf8 13. Ne5 h6 14. Bh4 N6d7 15.
Bxe7 Qxe7 16. Nxd7 Nxd7 17. Bxd7 Qxd7 18. Rc1 c5 19. dxc5 bxc5 20. Na4 Qg4 21.
Nxc5 Bc8 22. Qa4 Qxa4 23. Nxa4 Re4 24. Nc3 Rb4 25. Nxd5 Rb7 26. b3 Bf5 27. Nf4
a5 28. Rc5 g6 29. f3 a4 30. e4 Bd7 31. Rb1 Rab8 32. Nd5 axb3 33. Rxb3 Be6 34.
Rxb7 Rxb7 35. Rc2 Ra7 36. Kf2 Ra5 37. Rd2 Ra3 38. Ke2 Kg7 39. Kd1 1-0

[Event "DRUZYNOWE MISTRZOSTWA POLSKI - II LIGA 2018"]
[Site "Jastrzebia Gora"]
[Date "1899-12-30"]
[Round "8.64"]
[White "Ziemniak, Piotr"]
[Black "Bernat, Marcin"]
[Result "0-1"]
[WhiteTitle "I"]
[BlackTitle "k"]
[WhiteElo "1739"]
[BlackElo "2080"]

1. e4 e6 2. d4 d5 3. Nd2 Nf6 4. exd5 exd5 5. Ngf3 Bd6 6. Be2 O-O 7. O-O Nc6 8.
c4 Bf5 9. a3 a5 10. cxd5 Nxd5 11. Qb3 Nf4 12. Bb5 Qf6 13. Nc4 Ne2+ 14. Kh1 Nexd4
15. Nxd4 Nxd4 16. Qc3 Nxb5 17. Qxf6 gxf6 18. Bh6 Rfe8 19. Ne3 Be6 20. f4 Bf8 21.
Bxf8 Kxf8 22. f5 Bd7 23. a4 Rxe3 0-1